Test de culture Générale - Statistiques

Statistiques générales
  • Ce quiz a été pris 97 fois
  • Le résultat moyen est 6 sur 15
Statistiques - réponses
Questions Réponses % Correct
Capitale du Brésil ? Brasilia
96%
Quelle pièce d'échecs ne se déplacent qu'endiagonale ? Le fou
77%
Film de Tarantino célèbre pour son affiche ? Pulp Fiction
59%
Meilleure école de commerce en France ? Hec
51%
Prénom & Nom de Molière ? Jean-Baptiste Poquelin
44%
Qui a créé l'imprimerie en 1450 ? Gutenberg
37%
Région chinoise avec laquelle le Népal partagele mont Everest ? Tibet
31%
Site Internet ayant pour logo un poisson jaune ? Jetpunk
28%
Premier satellite envoyé dans l'espace en 1957 ? Spoutnik
28%
Un objet qui a une forme de croix est dit... ? Cruciforme
25%
Pays d'origine de la boisson RedBull ? Autriche
23%
Muscle présent sous 3 formes sur votre épaule ? Deltoides
23%
Langue la plus célèbre en Inde ? Hindi
19%
Quel professeur de Poudlard partage son nom de famille avec un célèbre personnage créé par l'auteur français Maurice Leblanc ? Lupin
17%
"L’hormone du plaisir" ? Serotonine
14%
Aucun quiz correspondant
Distribution des résultats
% des personnes avec chaque résultat
Percentile par nombre de réponses
Votre historique - résultats
Vous n’avez pas pris ce quiz